000 00493nam a2200157 i 4500
001 84024
003 ES-MaACL
005 20230906174931.0
007 t|
008 041119s1973 sp ||||1| cat d
100 1 _aJaume, Mateo.
_966179
245 1 0 _aLlibre de gelats i quemuyars, Mateu Jaume de Ca'n Juan de S'aigo, 1884-1885 /
_cMateo Jaume.
260 _aCiutat de Mallorca :
_bLluis Ripoll,
_c1973.
300 _a127 p., 3 lám. :
_bil. ;
_c17 cm.
852 _aES-MaACL
_jC-53588
_bR.86352
999 _c84024
_d84024